[Event "BL2 Ost 1516 (Women)"]
[Site "Germany"]
[Date "2015.09.26"]
[Round "1.6"]
[White "Marx, Inga"]
[Black "Spangenberg, Pia"]
[Result "0-1"]
[WhiteElo "1770"]
[BlackElo "1723"]
[PlyCount "108"]
[EventDate "2015.09.26"]
[EventType "team-tourn"]
[EventRounds "7"]
[EventCountry "GER"]
[SourceTitle "EXT 2017"]
[Source "ChessBase"]
[SourceDate "2016.10.25"]
[SourceVersion "1"]
[SourceVersionDate "2016.10.25"]
[SourceQuality "1"]
[WhiteTeam "Harksheide (W)"]
[BlackTeam "Leipzig Lindenau (W)"]
[WhiteTeamCountry "GER"]
[BlackTeamCountry "GER"]

1. e4 d5 2. exd5 Nf6 3. d4 Nxd5 4. c4 Nb6 5. Nc3 g6 6. h3 Bg7 7. Nf3 Nc6 8. Be3 0-0 9. Be2 e5 10. d5 Ne7 11. 0-0 c6 12. Bc5 cxd5 13. cxd5 Re8 14. d6 Nc6 15. Nb5 Nd7 16. Nc7 Nxc5 17. Nxa8 Re6 18. Nc7 Rxd6 19. Qc2 Qxc7 20. Qxc5 b6 21. Qe3 Bb7 22. Rad1 Re6 23. Bc4 Re7 24. b3 Nd4 25. Rc1 Nxf3+ 26. gxf3 Qd7 27. Kh2 Qf5 28. Be2 Bc8 29. f4 Bh6 30. Bg4 Bxf4+ 31. Kg1 Bxe3 32. Rxc8+ Qxc8 33. Bxc8 Bc5 34. Rd1 f5 35. Kg2 e4 36. Ba6 f4 37. Bc4+ Kg7 38. a4 g5 39. Rd2 h5 40. Rd1 Kf6 41. Kf1 f3 42. Rd8 Rh7 43. Bd5 Ke5 44. Bc6 Bd6 45. Re8+ Re7 46. Rxe7+ Bxe7 47. Bd7 Kf4 48. Kg1 g4 49. hxg4 hxg4 50. Bc6 Bc5 51. Kf1 e3 52. fxe3+ Kxe3 53. Bd7 g3 54. Bc6 g2+ 0-1

[Event "BL2 West 1112 (Women)"]
[Site "Germany"]
[Date "2012.02.12"]
[Round "7.3"]
[White "Finke, Lara"]
[Black "Marx, Inga"]
[Result "1/2-1/2"]
[WhiteElo "1530"]
[BlackElo "1792"]
[PlyCount "50"]
[EventDate "2011.10.29"]
[EventType "team-tourn"]
[EventRounds "7"]
[EventCountry "GER"]
[SourceTitle "EXT 2013"]
[Source "ChessBase"]
[SourceDate "2012.11.22"]
[SourceVersion "1"]
[SourceVersionDate "2012.11.22"]
[SourceQuality "1"]
[WhiteTeam "Dortmund 1875 (W)"]
[BlackTeam "Kiel Doppelbauer (W)"]
[WhiteTeamCountry "GER"]
[BlackTeamCountry "GER"]

1. e4 c6 2. d4 g6 3. Nf3 Bg7 4. Be2 d5 5. Nc3 Bg4 6. Be3 dxe4 7. Nxe4 Nd7 8. c3 Bxf3 9. Bxf3 Ngf6 10. Nxf6+ Nxf6 11. 0-0 0-0 12. Qb3 Qd7 13. Rad1 e6 14. Rfe1 Rfd8 15. Rd2 Rac8 16. Bf4 Qe7 17. Qa4 Nd5 18. Bg3 Qd7 19. Qb3 Bf6 20. Qc2 Bg5 21. Rd3 Bf6 22. Rd2 Qe7 23. Rde2 c5 24. dxc5 Qxc5 25. Rd2 b5 1/2-1/2